Effect of different fertilizer on phka romduol rice variety at crop station of royal university of agriculture ឥទ្ធិពលនៃប្រភេទជីផ្សេងគ្នាទៅលើពូជស្រូវផ្ការំដួលនៅស្ថានីយ៍ពិសោធន៍ដំណាំ នៃសាកលវិទ្យាល័យភូមិន្ទកសិកម្ម (Record no. 1337)

000 -LEADER
fixed length control field 00770nam a22001577a 4500
003 - CONTROL NUMBER IDENTIFIER
control field OSt
005 - DATE AND TIME OF LATEST TRANSACTION
control field 20150927145415.0
008 - FIXED-LENGTH DATA ELEMENTS--GENERAL INFORMATION
fixed length control field 150927b xxu||||| |||| 00| 0 eng d
040 ## - CATALOGING SOURCE
Transcribing agency RUA
082 ## - DEWEY DECIMAL CLASSIFICATION NUMBER
Classification number AGR PIC 2011 B050 Or.1
100 ## - MAIN ENTRY--PERSONAL NAME
9 (RLIN) 1422
Personal name PICH, OUTDOM
245 ## - TITLE STATEMENT
Title Effect of different fertilizer on phka romduol rice variety at crop station of royal university of agriculture ឥទ្ធិពលនៃប្រភេទជីផ្សេងគ្នាទៅលើពូជស្រូវផ្ការំដួលនៅស្ថានីយ៍ពិសោធន៍ដំណាំ នៃសាកលវិទ្យាល័យភូមិន្ទកសិកម្ម
260 ## - PUBLICATION, DISTRIBUTION, ETC. (IMPRINT)
Place of publication, distribution, etc. Phnom Penh
Name of publisher, distributor, etc. RUA
Date of publication, distribution, etc. 2011
300 ## - PHYSICAL DESCRIPTION
Extent xii, 48p.
Other physical details ill.
Dimensions 29cm.
942 ## - ADDED ENTRY ELEMENTS (KOHA)
Source of classification or shelving scheme
Koha item type AGR
Holdings
Price effective from Date last seen Permanent Location Not for loan Date acquired Source of classification or shelving scheme Koha item type Barcode Lost status Damaged status Shelving location Withdrawn status Current Location Full call number
2015-09-272015-09-27Library Block B 2015-09-27 AGRRUA008125  B050 Library Block BAGR PIC 2011 B050 Or.1
2015-09-272015-09-27Library Block B 2015-09-27 AGRRUA006866  B050 Library Block BAGR PIC 2011 B050 Or.2
មជ្ឈមណ្ឌលឯការនៃសាកលវិទ្យាល័យភូមិន្ទកសិកម្មចំការដូង

Powered by Koha